| 000 | 00742cam a22002774a 4500 | ||
|---|---|---|---|
| 001 | 12451058 | ||
| 003 | OSt | ||
| 005 | 20160421090733.0 | ||
| 008 | 010625s2001 nyua 001 0 eng | ||
| 010 | _a 2001092957 | ||
| 020 | _a0823012964 | ||
| 040 | _aSEKU | ||
| 042 | _apcc | ||
| 050 | 0 | 0 |
_aT 385 _b.D3 |
| 082 | 0 | 0 |
_a006.6/93 _221 |
| 100 | 1 | _aDanaher, Simon. | |
| 245 | 1 | 0 |
_aDigital 3D design / _cSimon Danaher. |
| 260 |
_aNew York : _bWatson-Guptill Publications, _c2001. |
||
| 300 |
_a192 p. : _bill. (some col.) ; _c24 cm. |
||
| 440 | 0 | _aDesign directories | |
| 500 | _aIncludes index. | ||
| 650 | 0 | _aComputer graphics. | |
| 650 | 0 | _aComputer animation. | |
| 650 | 0 | _aThree-dimensional display systems. | |
| 942 |
_2lcc _cGEN |
||
| 999 |
_c12892 _d12892 |
||